000 00710nam a2200265 a 4500
008
020 _a0435401467 (pbk.)
049 _aMAIN
090 _aBJ1475
_bMOO
100 1 _aMoonie, Neil.
245 0 _aCaring /
_cNeil Moonie, Yvonne Nolan [and] Sian Lavers.
250 _a2nd ed.
260 _aLondon :
_bHeinmann ;
_c2003.
300 _a2 nd ed.
300 _aiv, 315 p. :
_bill. ;
_c23 cm.
490 _aBTEC first caring .
500 _aIncludes index.
700 _aLavers, Sian.
700 _aNolan, Yvonne.
907 _a.b10252502
_b23-03-16
_c08-10-07
003
005 20230123134510.0
040 _cNUST
942 _cBOOKS
_kBJ1475
_mMOO
999 _c166983
_d166983